Statistics for Capitals of Canadian Provinces and Territories

Click here to take the quiz!

General Stats

  • This quiz has been taken 230 times
  • The average score is 10 of 13

Answer Stats

Province/TerritoryAnswer% Correct
OntarioToronto
93%
AlbertaEdmonton
90%
QuebecQuebec City
89%
Nova ScotiaHalifax
82%
British ColumbiaVictoria
82%
ManitobaWinnipeg
82%
Northwest TerritoriesYellowknife
78%
SaskatchewanRegina
76%
Newfoundland and LabradorSt. John's
73%
YukonWhitehorse
70%
Prince Edward IslandCharlottetown
62%
NunavutIqaluit
56%
New BrunswickFredericton
53%

Score Distribution

Percentile by Number Answered

Percent of People with Each Score

Your Score History

You have not taken this quiz